000 00975nam0a22002291 4500
001 rc\2716486
005 20250529124721.0
035 _a(NLR Aleph) 006844309
090 _a6678865
_c6678865
100 _a20110915d1938 |||y0rusy50 ca
101 0 _arus
102 _aRU
105 _aa z |||||
200 1 _aАльбом чертежей к программе по черчению для курсов мастеров социалистического труда
_fСост. С. В. Шикин
_gНар. ком. мест. пром.
210 _aМосква
_aЛенинград
_cЛенгосполиграфконтора
_d1938
_eЛенинград
_g1 тип. изд-ва Леноблисполкома и Ленсовета
215 _a16 л. черт. в обертке
_d32 см.
700 1 _aШикин
_bС.В.
_gСтепан Васильевич
801 0 _aRU
_bNLR
_gpsbo
801 1 _aRU
_bELAR
_2rusmarc
852 _aNLR
_j38-13/220
942 _cBOOK
980 _aNB